000 00431nam a2200181Ia 4500
008 231222s2022 xx 000 0 und d
041 _aeng
082 _a612.015/BHI
100 _aDr. S.B. Bhise
245 _aBiochemistry and Clincal Pathology
250 _a1
260 _bNirali Prakashan
_c2022
300 _a14p
365 _cRS
500 _aBV
650 _aBiochemistry & Clinical Pathology
906 _aDIPLOMA
999 _c1007799
_d1007799